Sueños que son pesadillas: propagación del turismo de élite y menoscabo ecológico en el Pacífico Central de Costa Rica /
Propone una discusión sobre el advenimiento de la industria turística de élite y su relación con múltiples formas de degradación sistémica que tienen lugar en el contexto de Playa herradura. Este tipo de turismo se considera primordialmente como una transmutación espacial y ecológica, con un potente...
Kaydedildi:
| Yazar: | |
|---|---|
| Materyal Türü: | Kitap |
| Dil: | Spanish |
| Konular: | |
| Online Erişim: | texto completo desde sitio de la revista |
| Etiketler: |
Etiketle
Etiket eklenmemiş, İlk siz ekleyin!
|
MARC
| LEADER | 00000nam a22000007a 4500 | ||
|---|---|---|---|
| 003 | cru CRAI/IIS | ||
| 005 | 20190924062535.0 | ||
| 007 | ta | ||
| 008 | 181128t2016 cr ||||| |||| 00| 0 spa d | ||
| 999 | |c 41932 |d 41932 | ||
| 040 | |c cru CRAI/IIS | ||
| 100 | 1 | |9 8025 |a Lobo Montoya, Diego | |
| 245 | 1 | |a Sueños que son pesadillas: |b propagación del turismo de élite y menoscabo ecológico en el Pacífico Central de Costa Rica / |c Diego Lobo Montoya | |
| 300 | |a páginas 161-180 | ||
| 520 | |a Propone una discusión sobre el advenimiento de la industria turística de élite y su relación con múltiples formas de degradación sistémica que tienen lugar en el contexto de Playa herradura. Este tipo de turismo se considera primordialmente como una transmutación espacial y ecológica, con un potente correlato simbólico y estructural, el cual ha impactado severamente al socio-ecosistema local. Las problemáticas identificadas van desde el acaparamiento de tierras y la “turistización” de los ecosistemas, hasta la secesión de “triunfadores” y la guetificación de la población local, dichos fenómenos muestran el carácter patológico del desarrollo turístico. Desde el punto de vista ecológico, el desarrollo turístico de élite contribuye a procesos de crisis regresivas que afectan los sistemas vivientes (p.175), dentro de los que se encuentran injertados los llamados templos de consumo de élite. JME/290919. | ||
| 650 | 0 | |9 1265 |a TURISMO | |
| 650 | 0 | |9 1266 |a INFRAESTRUCTURA DEL TURISMO | |
| 650 | 0 | |9 71 |a DESARROLLO ECONOMICO Y SOCIAL | |
| 650 | 0 | |9 2022 |a DETERIORO AMBIENTAL | |
| 650 | 0 | |a EQUILIBRIO ECOLOGICO |9 7262 | |
| 650 | 4 | |9 1933 |a CAMBIO SOCIAL | |
| 650 | 4 | |9 2697 |a ASPECTOS GEOGRAFICOS | |
| 651 | 0 | |9 32 |a COSTA RICA | |
| 773 | 0 | |0 19040 |9 2456 |a Universidad de Costa Rica. |d San José, Cost Rica : CIICLA 2002- |o 18980 |t Cuadernos Inter-c-a-mbio sobre Centroamérica y el Caribe / | |
| 856 | |u https://revistas.ucr.ac.cr/index.php/intercambio/article/view/26694/26875 |y texto completo desde sitio de la revista | ||
| 942 | |2 ddc |c PP | ||
